Statistics for Game of Thrones Places

Click here to take the quiz!

General Stats

  • This quiz has been taken 326 times
  • The average score is 21 of 27

Answer Stats

HintSeat (City)Region% Correct
House StarkWinterfell
98%
The North
97%
House LannisterCasterly Rock
95%
House TyrellHighgarden
94%
Capital of WesterosKing's Landing
94%
House TargaryenDragonstone
91%
Dorne
90%
The Iron Islands
88%
House GreyjoyPyke
87%
House TullyRiverrun
84%
House ArrynThe Eyrie
84%
The Vale
84%
House BaratheonStorm's End
81%
House MartellSunspear
81%
Essos (Slaver's Bay)Meereen
78%
The Riverlands
78%
The Reach
77%
The Stormlands
75%
Wildling TerritoryBeyond the Wall
68%
The Westerlands
68%
EssosQarth
65%
The Crownlands
60%
The Crownlands
60%
Essos (Slaver's Bay)Yunkai
60%
EssosPentos
59%
Essos (Slaver's Bay)Astapor
58%
EssosVaes Dothrak
36%

Score Distribution

Percentile by Number Answered

Percent of People with Each Score

Your Score History

You have not taken this quiz